<?xml version="1.0" encoding="UTF-8"?><?xml-stylesheet type="text/xsl" href="static/style.xsl"?><OAI-PMH xmlns="http://www.openarchives.org/OAI/2.0/" xmlns:xsi="http://www.w3.org/2001/XMLSchema-instance" xsi:schemaLocation="http://www.openarchives.org/OAI/2.0/ http://www.openarchives.org/OAI/2.0/OAI-PMH.xsd"><responseDate>2026-04-13T04:56:06Z</responseDate><request verb="GetRecord" identifier="oai:www.recercat.cat:11351/11701" metadataPrefix="marc">https://recercat.cat/oai/request</request><GetRecord><record><header><identifier>oai:recercat.cat:11351/11701</identifier><datestamp>2025-10-24T10:51:25Z</datestamp><setSpec>com_2072_451669</setSpec><setSpec>com_2072_378040</setSpec><setSpec>col_2072_451670</setSpec></header><metadata><record xmlns="http://www.loc.gov/MARC21/slim" xmlns:dcterms="http://purl.org/dc/terms/" xmlns:xsi="http://www.w3.org/2001/XMLSchema-instance" xmlns:doc="http://www.lyncode.com/xoai" xsi:schemaLocation="http://www.loc.gov/MARC21/slim http://www.loc.gov/standards/marcxml/schema/MARC21slim.xsd">
   <leader>00925njm 22002777a 4500</leader>
   <datafield ind2=" " ind1=" " tag="042">
      <subfield code="a">dc</subfield>
   </datafield>
   <datafield ind2=" " ind1=" " tag="720">
      <subfield code="a">Moreno Küstner, Berta</subfield>
      <subfield code="e">author</subfield>
   </datafield>
   <datafield ind2=" " ind1=" " tag="720">
      <subfield code="a">Fábrega-Ruz, Julia</subfield>
      <subfield code="e">author</subfield>
   </datafield>
   <datafield ind2=" " ind1=" " tag="720">
      <subfield code="a">GONZALEZ-CABALLERO, JUAN-LUIS</subfield>
      <subfield code="e">author</subfield>
   </datafield>
   <datafield ind2=" " ind1=" " tag="720">
      <subfield code="a">Reyes-Martin, Sara</subfield>
      <subfield code="e">author</subfield>
   </datafield>
   <datafield ind2=" " ind1=" " tag="720">
      <subfield code="a">Ochoa, Susana</subfield>
      <subfield code="e">author</subfield>
   </datafield>
   <datafield ind2=" " ind1=" " tag="720">
      <subfield code="a">ROMERO LOPEZ-ALBERCA, CRISTINA</subfield>
      <subfield code="e">author</subfield>
   </datafield>
   <datafield ind2=" " ind1=" " tag="720">
      <subfield code="a">Vila-Badia, Regina</subfield>
      <subfield code="e">author</subfield>
   </datafield>
   <datafield ind2=" " ind1=" " tag="720">
      <subfield code="a">FRIGOLA-CAPELL, EVA</subfield>
      <subfield code="e">author</subfield>
   </datafield>
   <datafield ind2=" " ind1=" " tag="720">
      <subfield code="a">Salvador-Carulla, Luis</subfield>
      <subfield code="e">author</subfield>
   </datafield>
   <datafield ind2=" " ind1=" " tag="720">
      <subfield code="a">CID COLOM, JORDI</subfield>
      <subfield code="e">author</subfield>
   </datafield>
   <datafield ind2=" " ind1=" " tag="260">
      <subfield code="c">2024-07-12T08:06:00Z</subfield>
   </datafield>
   <datafield ind2=" " ind1=" " tag="260">
      <subfield code="c">2024-07-12T08:06:00Z</subfield>
   </datafield>
   <datafield ind2=" " ind1=" " tag="260">
      <subfield code="c">2022-06</subfield>
   </datafield>
   <datafield ind2=" " ind1=" " tag="520">
      <subfield code="a">Resultats comunicats pels pacients; Esquizofrènia; Experiències subjectives</subfield>
   </datafield>
   <datafield ind2=" " ind1=" " tag="520">
      <subfield code="a">Resultados comunicados por los pacientes, ; Esquizofrenia; Experiencias subjetivas</subfield>
   </datafield>
   <datafield ind2=" " ind1=" " tag="520">
      <subfield code="a">Patient-reported outcome; Schizophrenia; Subjective experiences</subfield>
   </datafield>
   <datafield ind2=" " ind1=" " tag="520">
      <subfield code="a">Background.We report the psychometric properties of the Patient-Reported Impact of Symptoms in Schizophrenia Scale (PRISS), which assesses the impact of subjective experiences or qualia in outpatients with this condition.Methods.A cross-sectional study was carried out in 162 patients diagnosed with schizophrenia in Spain. The PRISS measures the presence, frequency, concern and interference with daily life of self-reported experiences related to the main symptoms observed in these patients. The psychometric analysis included test-retest reliability, internal consistency and structural and convergent validity.Results.The 28-item PRISS showed good test-retest reliability as 64.3% of the intraclass correlation coefficient values were between 0.40 and 0.79, which were statistically significant (p &lt; 0.01). Analysis of the structural validity revealed a three-factor structure, (1) productive subjective experiences, (2) affective-negative subjective experiences and (3) excitation, which accounted for 56.11% of the variance. Of the Pearson's correlation coefficients analysed between the PRISS and the Positive and Negative Syndrome Scale (PANSS), Scale for Assessment of Negative Symptoms (SANS) and World Health Organization Disability Assessment Schedule (WHO-DAS), 72.2% were statistically significant (p &lt; 0.05) and ranged from 0.38–0.42, 0.32–0.42 and 0.40–0.42, respectively.Conclusion.Our results indicate that the PRISS appears to be a brief, reliable and valid scale to measure subjective experiences in schizophrenia and provides valuable information complementary to clinical evaluation.</subfield>
   </datafield>
   <datafield ind2=" " ind1=" " tag="520">
      <subfield code="a">Antecedents. Informem de les propietats psicomètriques de la Patient-Reported Impact of Symptoms in Schizophrenia Scale (PRISS), que avalua l'impacte d'experiències subjectives o qualia en pacients ambulatoris amb aquesta condició. Mètodes. Es va realitzar un estudi transversal en 162 pacients. diagnosticada d'esquizofrènia a Espanya. El PRISS mesura la presència, freqüència, preocupació i interferència amb la vida diària d'experiències autoinformades relacionades amb els principals símptomes observats en aquests pacients. L'anàlisi psicomètrica va incloure la fiabilitat test-retest, consistència interna i validesa estructural i convergent. Resultats. El PRISS de 28 ítems va mostrar una bona fiabilitat test-retest, ja que el 64,3% dels valors del coeficient de correlació intraclasse estaven entre 0,40 i 0,79, que eren estadísticament significatius ( p &lt;0,01). L'anàlisi de la validesa estructural va revelar una estructura de tres factors, (1) experiències subjectives productives, (2) experiències subjectives afectives-negatives i (3) excitació, que representaven el 56,11% de la variància. Dels coeficients de correlació de Pearson analitzats entre el PRISS i la Positive and Negative Syndrome Scale (PANSS), Scale for Assessment of Negative Symptoms (SANS) i World Health Organization Disability Assessment Schedule (WHO-DAS), el 72,2% van ser estadísticament significatius (p &lt; 0,05) i va oscil·lar entre 0,38–0,42, 0,32–0,42 i 0,40–0,42, respectivament. Conclusió. Els nostres resultats indiquen que el PRISS sembla ser una escala breu, fiable i vàlida per mesurar experiències subjectives en esquizofrènia i proporciona informació valuosa complementària a la clínica. avaluació.:en</subfield>
   </datafield>
   <datafield ind2=" " ind1=" " tag="520">
      <subfield code="a">This study has been funded by the ‘Instituto de Salud Carlos III’ through the project PI16/00647 and co-funded by the European Regional Development Fund (FEDER) ‘A way to make Europe’.</subfield>
   </datafield>
   <datafield ind1="8" ind2=" " tag="024">
      <subfield code="a">http://hdl.handle.net/11351/11701</subfield>
   </datafield>
   <datafield tag="653" ind2=" " ind1=" ">
      <subfield code="a">Esquizofrènia-Pacients</subfield>
   </datafield>
   <datafield tag="653" ind2=" " ind1=" ">
      <subfield code="a">Psicometria</subfield>
   </datafield>
   <datafield tag="653" ind2=" " ind1=" ">
      <subfield code="a">PSYCHIATRY AND PSYCHOLOGY::Mental Disorders::Schizophrenia Spectrum and Other Psychotic Disorders::Schizophrenia</subfield>
   </datafield>
   <datafield tag="653" ind2=" " ind1=" ">
      <subfield code="a">PSYCHIATRY AND PSYCHOLOGY::Behavioral Disciplines and Activities::Psychological Tests::Psychometrics</subfield>
   </datafield>
   <datafield tag="653" ind2=" " ind1=" ">
      <subfield code="a">PSIQUIATRÍA Y PSICOLOGÍA::trastornos mentales::espectro de la esquizofrenia y otros trastornos psicóticos::esquizofrenia</subfield>
   </datafield>
   <datafield tag="653" ind2=" " ind1=" ">
      <subfield code="a">PSIQUIATRÍA Y PSICOLOGÍA::disciplinas y actividades conductuales::pruebas psicológicas::psicometría</subfield>
   </datafield>
   <datafield ind2="0" ind1="0" tag="245">
      <subfield code="a">Patient-reported impact of symptoms in schizophreniascale (PRISS): Development and validation</subfield>
   </datafield>
</record></metadata></record></GetRecord></OAI-PMH>